000 00548nam a2200193Ia 4500
003 GCL
008 140319s9999 xx 000 0 ara d
040 _aGCL /
_cGCL
082 0 4 _a158.1
_bم ا
100 1 _aمحمد فتحى
245 1 0 _aاستيقظ واستمتع بالحياة: كتاب دورثيا براند /
_cمحمد فتحى
260 _a[S.N] :
_bمكتبة النهضة المصرية
300 _a176 ص
490 _a
650 0 4 _aالشباب
650 0 4 _aالحياة
650 0 4 _aالاخلاص
942 _2ddc
_cBK
999 _c54589
_d54589